000 00268nam a2200109Ia 4500
005 20251222144832.0
008 251222s9999||||xx |||||||||||||| ||spa||
082 _a323.3/I59
245 0 _aRimanacuy 86':
264 _bInstituto Nacional de Planificación
942 _cLIB
999 _c20910
_d20910